000
00305nam a2200121Ia 4500
008
230303s9999 xx 000 0 und d
041
_a
eng
082
_a
005.269 MIC
100
_a
MICROSOFT
245
_a
MCSE Training Kit Mircrosoft Windows 2000 Professional
260
_a
New Delhi
_b
PHI
365
_c
RS
999
_c
179281
_d
179281